Statistics for Neil Gaiman's Sandman Quiz #4

Click here to take the quiz!

General Stats

  • This quiz has been taken 16 times
  • The average score is 5 of 16

Answer Stats

HintAnswer% Correct
Who is Orpheus' mother?Calliope
80%
Who are allowed to kill Dream once this takes place?The Kindly Ones
60%
What was the name of Abel's Gargoyle?Goldie
53%
The names of the spider obsessed women who live in the Doll's House?Zelda
53%
What does Matthew the raven call Dream; something that no one else calls him?Boss
47%
What does Orpheus exchange for the location of Destruction?His death
47%
What did Lucien used to be before he was the Librarian?A raven
40%
What was Cain's house called?The House of Mystery
33%
What was Abel's called?The House of Secrets
33%
Chantal
20%
Dream gives her a pendant as a boon to come to her when she needs him. What does she ask for when he arrives?His love
20%
What did Destruction's sigil room have in the center of it?a pool of water
0%
What flavor of ice cream did Delerium remark on in Brief Lives?Chicken and telephone icecream
0%
What does Nuala do after she has been given to DreamCleans the castle
0%
What does she say to this?I already have that.
0%
What does he offer her instead?The dream of his love
0%

Score Distribution

Percentile by Number Answered

Percent of People with Each Score

Your Score History

You have not taken this quiz